00617cam a2200181 a 450000500170000000800410001702000180005804000500007604100080012610000250013424500820015926000660024130000350030750000210034265000320036365000190039565000210041420161123081659.0151015s2013 xxud fr 001 0 eng d a9780691153544 aCO-BoUCMbspacSandra PalaciodSandra Palacio0 aeng1 aDeaton, Angusd1945-14aThe great escapebhealth, wealth, and the origins of inequalitycAngus Deaton aNueva York (Estados Unidos)bPrinceton university pressc2013 axv, 360 páginasbgráficas  aIncluye índice 7aDistribución del ingreso  7aSalud mundial  7aSalud pública